[Event "MCR senioru 2013 - 70"]
[Site "?"]
[Date "2013.08.24"]
[Round "8.2"]
[White "Mesiarik, Rudolf"]
[Black "Jacek, Miloslav"]
[Result "1-0"]
[WhiteElo "2179"]
[BlackElo "2030"]
[PlyCount "39"]
[EventDate "2013.??.??"]

1. c4 c5 2. g3 Nf6 3. Bg2 e6 4. Nf3 d5 5. cxd5 exd5 6. O-O Nc6 7. d4 Be6 8. Nc3
h6 9. Be3 b6 10. Ne5 Nxd4 11. Bxd4 cxd4 12. Qxd4 Bc5 13. Qa4+ Kf8 14. Rad1 Qc7
15. Nxd5 Qxe5 16. Nxf6 Ke7 17. Bxa8 Rxa8 18. Qe4 Kxf6 19. Qxa8 Qxe2 20. Qe4 1-0

[Event "MCR senioru 2013 - 70"]
[Site "?"]
[Date "2013.08.24"]
[Round "8.3"]
[White "Zamecnik, Bohumir"]
[Black "Abraham, Karel"]
[Result "0-1"]
[WhiteElo "1894"]
[BlackElo "1779"]
[PlyCount "106"]
[EventDate "2013.??.??"]

1. c4 Nf6 2. Nc3 g6 3. g3 Bg7 4. e4 d6 5. Bg2 O-O 6. Nge2 c5 7. O-O Nc6 8. h3
Rb8 9. d3 a6 10. f4 Nd7 11. a4 Nd4 12. Kh2 b6 13. g4 Bb7 14. Rb1 Bc6 15. b4
Nxe2 16. Nxe2 cxb4 17. Rxb4 a5 18. Rb1 Nc5 19. Bb2 Bxa4 20. Qd2 Bxb2 21. Rxb2
Bd7 22. f5 a4 23. d4 Nb3 24. Qh6 Kh8 25. g5 Rg8 26. Rf4 Qf8 27. Qh4 e5 28.
Qxh7+ Kxh7 29. Rh4+ Qh6 30. Rxh6+ Kg7 31. f6+ Kf8 32. dxe5 dxe5 33. Nc3 Na5 34.
Bf1 Nb3 35. Nd5 Nd4 36. Ne7 Nf3+ 37. Kg2 Nxg5 38. Nxg8 Kxg8 39. Rh4 Nh7 40. Bd3
Nxf6 41. Bb1 Bc6 42. Kf3 b5 43. cxb5 a3 44. Rb3 Rxb5 45. Rxb5 Bxb5 46. Ba2 Kg7
47. Ke3 g5 48. Rg4 Nxg4+ 49. hxg4 Kf8 50. Kd2 Ke7 51. Kc3 Be2 52. Kb4 Bxg4 53.
Kxa3 Bf3 0-1

[Event "MCR senioru 2013 - 70"]
[Site "?"]
[Date "2013.08.24"]
[Round "8.4"]
[White "Vlasak, Ladislav"]
[Black "Laszkiewicz, Jerzy"]
[Result "1/2-1/2"]
[WhiteElo "1797"]
[BlackElo "1971"]
[PlyCount "35"]
[EventDate "2013.??.??"]

1. e4 c5 2. Nc3 Nc6 3. g3 g6 4. Bg2 Bg7 5. d3 e6 6. Be3 d6 7. Qd2 Nd4 8. Nd1
Rb8 9. c3 Nc6 10. Ne2 Qc7 11. O-O Nge7 12. Bh6 O-O 13. Bxg7 Kxg7 14. Ne3 h6 15.
f4 f5 16. exf5 exf5 17. d4 Nd8 18. Nd5 1/2-1/2

[Event "MCR senioru 2013 - 70"]
[Site "?"]
[Date "2013.08.24"]
[Round "8.5"]
[White "Strakos, Tomas"]
[Black "Petrzelka, Karel"]
[Result "1/2-1/2"]
[WhiteElo "1779"]
[BlackElo "1890"]
[PlyCount "25"]
[EventDate "2013.??.??"]

1. d4 d5 2. c4 e6 3. cxd5 exd5 4. Nf3 Nf6 5. Nc3 Be7 6. Bf4 c6 7. e3 Bf5 8. Bd3
Bxd3 9. Qxd3 O-O 10. O-O Bd6 11. Bg5 h6 12. Bh4 Be7 13. Rab1 1/2-1/2

[Event "MCR senioru 2013 - 70"]
[Site "?"]
[Date "2013.08.24"]
[Round "8.6"]
[White "Prachar, Josef"]
[Black "Blazek, Jaroslav"]
[Result "1-0"]
[WhiteElo "1888"]
[BlackElo "1687"]
[PlyCount "73"]
[EventDate "2013.??.??"]

1. d4 d5 2. Nf3 Nf6 3. e3 c6 4. Bd3 Bg4 5. Nbd2 Nbd7 6. h3 Bh5 7. b3 Bg6 8. O-O
Bxd3 9. cxd3 e6 10. Bb2 c5 11. dxc5 Bxc5 12. d4 Bd6 13. Ne5 O-O 14. f4 Qe7 15.
a3 g6 16. g4 Kg7 17. g5 Nh5 18. Kg2 Nxe5 19. dxe5 Bc5 20. Qe2 Qd7 21. f5 Kg8
22. f6 d4 23. Bxd4 Bxd4 24. exd4 Qxd4 25. Rad1 Nf4+ 26. Rxf4 Qxf4 27. Nf3 Rad8
28. Rf1 Qf5 29. Qb5 Qc2+ 30. Rf2 Qc7 31. Qa4 a6 32. Qh4 Kh8 33. Qh6 Rg8 34. Re2
Qc5 35. Re4 Qf8 36. Qxh7+ Kxh7 37. Rh4+ 1-0

[Event "MCR senioru 2013 - 70"]
[Site "?"]
[Date "2013.08.24"]
[Round "8.7"]
[White "Matoulek, Jaroslav"]
[Black "Pavlu, Jiri"]
[Result "0-1"]
[WhiteElo "1727"]
[BlackElo "1871"]
[PlyCount "66"]
[EventDate "2013.??.??"]

1. d4 d5 2. c4 c6 3. e3 Bf5 4. Nc3 e6 5. cxd5 exd5 6. Bd3 Bxd3 7. Qxd3 Nf6 8.
Nf3 Bd6 9. O-O O-O 10. h3 Re8 11. Re1 Ne4 12. a3 Nd7 13. b3 Ndf6 14. Bb2 Nxc3
15. Bxc3 Ne4 16. Bb2 Re6 17. Re2 Rg6 18. Rc2 Qd7 19. Kh1 Rh6 20. Qf1 Qf5 21.
Kg1 g5 22. g4 Qxf3 23. Qg2 Qxh3 24. Qxh3 Rxh3 25. Kg2 Rh2+ 26. Kg1 Rh4 27. f3
Nf6 28. Rg2 Re8 29. Re1 Rh3 30. e4 dxe4 31. fxe4 Rxe4 32. Rxe4 Nxe4 33. b4 Rb3
0-1

[Event "MCR senioru 2013 - 70"]
[Site "?"]
[Date "2013.08.24"]
[Round "8.8"]
[White "Kosek, Lubomir"]
[Black "Glembek, Bohumir"]
[Result "0-1"]
[WhiteElo "1784"]
[BlackElo "1744"]
[PlyCount "105"]
[EventDate "2013.??.??"]

1. e4 Nf6 2. Nc3 e5 3. Bc4 Nxe4 4. Nxe4 d5 5. Qh5 dxc4 6. Qxe5+ Qe7 7. Qxe7+
Bxe7 8. Ne2 f5 9. N4c3 O-O 10. O-O c6 11. a4 Nd7 12. Re1 Bf6 13. b3 cxb3 14.
cxb3 Nc5 15. Rb1 Nd3 16. Rd1 Re8 17. Ba3 f4 18. Nc1 Bf5 19. Nxd3 Bxd3 20. Rbc1
Re6 21. Re1 Rae8 22. Rxe6 Rxe6 23. a5 Bd4 24. Na4 Re2 25. Bc5 Bxc5 26. Nxc5
Rxd2 27. Nxb7 Bb5 28. Nc5 Ra2 29. Ne6 Rxa5 30. Nxf4 Ra3 31. Rb1 g5 32. Ne6 Bd3
33. Rc1 Rxb3 34. f3 Rb1 35. Rxb1 Bxb1 36. Kf2 h6 37. Ke3 Ba2 38. Nc5 Bc4 39.
Kd4 Bb5 40. Nb3 Kf7 41. Ke5 Ke7 42. g3 Bc4 43. Nd4 Kd7 44. f4 gxf4 45. gxf4 a5
46. h4 a4 47. Nc2 Bb3 48. Na3 Ke7 49. f5 c5 50. f6+ Kf8 51. h5 c4 52. Kd4 Kf7
53. Nb5 0-1

[Event "MCR senioru 2013 - 70"]
[Site "?"]
[Date "2013.08.24"]
[Round "8.9"]
[White "Zikmund, Jaroslav"]
[Black "Folta, Jaroslav"]
[Result "0-1"]
[WhiteElo "1892"]
[BlackElo "1877"]
[PlyCount "80"]
[EventDate "2013.??.??"]

1. d4 Nf6 2. c4 c5 3. e3 g6 4. Nc3 Bg7 5. Nf3 b6 6. Be2 Bb7 7. O-O O-O 8. d5 d6
9. e4 Nbd7 10. Bg5 Ng4 11. h3 Nge5 12. Qd2 Nxf3+ 13. Bxf3 a6 14. Bh6 Ne5 15.
Be2 Bc8 16. Bxg7 Kxg7 17. f4 Nd7 18. h4 h5 19. g4 hxg4 20. Bxg4 Rh8 21. Qf2 Nf6
22. Bxc8 Qxc8 23. f5 Ng4 24. Qg3 Ne5 25. Kg2 Rh6 26. Ne2 Qh8 27. Rh1 Rg8 28. h5
Kf8 29. hxg6 Nxc4 30. Rxh6 Qxh6 31. Rh1 Qd2 32. Kf2 Qxb2 33. Rh7 fxg6 34. fxg6
Qf6+ 35. Nf4 Ne5 36. Ke3 Nxg6 37. Ne6+ Ke8 38. Qe1 Ne5 39. Rh3 Ng4+ 40. Kd2
Qb2+ 0-1

[Event "MCR senioru 2013 - 70"]
[Site "?"]
[Date "2013.08.24"]
[Round "8.10"]
[White "Reichmann, Pavel"]
[Black "Tobiska, Jaroslav"]
[Result "1/2-1/2"]
[WhiteElo "1840"]
[BlackElo "1732"]
[PlyCount "40"]
[EventDate "2013.??.??"]

1. e4 e5 2. Nf3 Nc6 3. Bb5 a6 4. Ba4 d6 5. O-O Bg4 6. c3 b5 7. Bc2 Qf6 8. d3
Bxf3 9. Qxf3 Qxf3 10. gxf3 Be7 11. f4 Nf6 12. h3 Rg8 13. Kh2 O-O-O 14. Be3 Nh5
15. f5 g5 16. Rg1 Nf4 17. Bxf4 exf4 18. Nd2 h5 19. f3 Rh8 20. Kg2 Rdg8 1/2-1/2

[Event "MCR senioru 2013 - 50"]
[Site "?"]
[Date "2013.08.25"]
[Round "9.1"]
[White "Masek, Jan"]
[Black "Humlicek, Vojtech"]
[Result "0-1"]
[WhiteElo "1959"]
[BlackElo "1952"]
[PlyCount "76"]
[EventDate "2013.??.??"]
[SourceDate "2013.08.25"]

1. e4 c5 2. Bc4 e6 3. Qe2 Ne7 4. Nc3 a6 5. a4 Nbc6 6. Nf3 Nd4 7. Qd1 g6 8. e5
Nec6 9. Ne4 Nxf3+ 10. Qxf3 Nxe5 11. Qf4 Nxc4 12. d3 f5 13. Ng5 h6 14. Nf3 Nd6
15. h4 Nf7 16. Bd2 d5 17. d4 c4 18. g4 Bd6 19. Qe3 fxg4 20. Ne5 Nxe5 21. dxe5
Be7 22. Rg1 h5 23. O-O-O Qc7 24. Rg2 Bd7 25. f3 Bxh4 26. fxg4 Be7 27. gxh5 Rxh5
28. Rxg6 O-O-O 29. Qa7 Bc5 30. Qa8+ Qb8 31. Qxb8+ Kxb8 32. Rf1 Bd4 33. Bg5 Re8
34. Re1 Rh2 35. c3 Bc5 36. Bf4 Rf2 37. Bd2 Ref8 38. Rg7 Bxa4 0-1

[Event "MCR senioru 2013 - 50"]
[Site "?"]
[Date "2013.08.25"]
[Round "9.2"]
[White "Urban, Zdenek"]
[Black "Korinkova, Eva"]
[Result "1-0"]
[WhiteElo "2124"]
[BlackElo "1775"]
[PlyCount "93"]
[EventDate "2013.??.??"]
[SourceDate "2013.08.25"]

1. d4 d5 2. Nf3 Nf6 3. c4 c6 4. b3 g6 5. g3 Bg7 6. Bg2 O-O 7. Bb2 Nbd7 8. Nc3
Re8 9. O-O dxc4 10. bxc4 Qa5 11. e4 e5 12. d5 c5 13. h3 Nb6 14. Nd2 Bd7 15. a4
Qb4 16. Qc2 Nxc4 17. Nxc4 Qxc4 18. Rfb1 Qa6 19. Ba3 b6 20. a5 Qc4 21. Bf1 Ba4
22. Qb2 Qd4 23. Rd1 Bxd1 24. Rxd1 Qxd1 25. Nxd1 Nxe4 26. Ne3 Ng5 27. a6 Nf3+
28. Kh1 e4 29. Qa2 Nd4 30. d6 Rad8 31. Bc4 Rf8 32. Bd5 Rxd6 33. Bxe4 Rfd8 34.
Kg2 Ne6 35. Nc4 Rd4 36. Bc6 Rd3 37. Bc1 Nd4 38. Be4 Rd1 39. Bg5 Rd7 40. Nxb6
axb6 41. a7 Rxa7 42. Qxa7 Re1 43. Bd5 Ne6 44. Qb8+ Nf8 45. Qc7 Ne6 46. Bxe6
Rxe6 47. Qd8+ 1-0

[Event "MCR senioru 2013 - 50"]
[Site "?"]
[Date "2013.08.25"]
[Round "9.3"]
[White "Malinovsky, Petr"]
[Black "Vlachopulos, Georgis"]
[Result "1-0"]
[WhiteElo "1980"]
[BlackElo "1971"]
[PlyCount "77"]
[EventDate "2013.??.??"]
[SourceDate "2013.08.25"]

1. d4 c5 2. e3 e6 3. Nf3 Nf6 4. c3 Nc6 5. Bd3 d5 6. b3 cxd4 7. exd4 Bd6 8. O-O
O-O 9. Re1 h6 10. Ne5 Qc7 11. f4 Ne7 12. Qc2 Ne8 13. c4 b6 14. Nc3 a6 15. Ne2
f6 16. Nf3 dxc4 17. Qxc4 Nd5 18. Be4 b5 19. Qxc7 Nexc7 20. Bd2 Rb8 21. Rac1 Bd7
22. Rc2 Nb4 23. Bxb4 Bxb4 24. Rxc7 Bxe1 25. Nxe1 Rfd8 26. Nd3 Rb6 27. Nc5 Bc8
28. Bc6 b4 29. f5 exf5 30. d5 Rb8 31. Nf4 Rd6 32. Ng6 Kh7 33. Ne7 Rd8 34. Bb7
Bxb7 35. Nxb7 Re8 36. d6 f4 37. Kf2 h5 38. Nc6 Rbd8 39. d7 1-0

[Event "MCR senioru 2013 - 50"]
[Site "?"]
[Date "2013.08.25"]
[Round "9.4"]
[White "Peroutka, Ivo"]
[Black "Lorenc, Oldrich"]
[Result "0-1"]
[WhiteElo "1919"]
[BlackElo "2137"]
[PlyCount "98"]
[EventDate "2013.??.??"]
[SourceDate "2013.08.25"]

1. d4 d5 2. c4 c6 3. Nc3 Nf6 4. Nf3 e6 5. Bg5 Nbd7 6. e3 h6 7. Bh4 Qa5 8. Qd2
Bb4 9. Rc1 Ne4 10. Qc2 Qxa2 11. Bd3 Bxc3+ 12. bxc3 Qxc2 13. Rxc2 Ndf6 14. Bxf6
Nxf6 15. Ne5 Nd7 16. f4 Nxe5 17. fxe5 Bd7 18. c5 b5 19. cxb6 axb6 20. Rb2 Ra1+
21. Bb1 b5 22. Kd2 Ke7 23. Rf1 Rb8 24. Rb4 Be8 25. Rf3 Rba8 26. Rb2 R8a4 27.
Rg3 Kf8 28. Rf3 R1a3 29. Bd3 Ra2 30. Kc1 R4a3 31. Rxa2 Rxa2 32. Bc2 Ra1+ 33.
Bb1 Ra4 34. Rf2 c5 35. Rb2 Rc4 36. Kd2 b4 37. cxb4 Rxb4 38. Kc3 Rxb2 39. Kxb2
c4 40. Ka3 f6 41. Kb4 fxe5 42. dxe5 g5 43. h3 Kg7 44. g4 Bg6 45. Bxg6 Kxg6 46.
Kc3 Kf7 47. Kd4 Ke7 48. e4 Kd7 49. Kc3 Kc7 0-1

[Event "MCR senioru 2013 - 50"]
[Site "?"]
[Date "2013.08.25"]
[Round "9.5"]
[White "Habada, Jindrich"]
[Black "Chladek, Vaclav"]
[Result "1-0"]
[WhiteElo "1886"]
[BlackElo "2065"]
[PlyCount "77"]
[EventDate "2013.??.??"]
[SourceDate "2013.08.25"]

1. e4 e5 2. Nf3 Nc6 3. Bb5 a6 4. Ba4 Nf6 5. d3 b5 6. Bb3 Be7 7. O-O d6 8. h3
O-O 9. a3 Na5 10. Ba2 c5 11. Nc3 Bb7 12. Re1 h6 13. Ne2 Nc6 14. Ng3 Bc8 15. c3
Qc7 16. d4 c4 17. Nh4 Re8 18. Nhf5 Bf8 19. Qf3 Bxf5 20. Nxf5 Nh7 21. b3 Ne7 22.
bxc4 bxc4 23. Bd2 Rab8 24. Rab1 Rb5 25. a4 Ra5 26. Rb4 Nxf5 27. Rxc4 Nh4 28.
Rxc7 Nxf3+ 29. gxf3 Re7 30. Rc4 Rb7 31. Rb1 Rxb1+ 32. Bxb1 exd4 33. cxd4 Rh5
34. Rc7 Ng5 35. Bxg5 Rxg5+ 36. Kf1 Ra5 37. Bc2 Rh5 38. Bb3 Rxh3 39. Kg2 1-0

[Event "MCR senioru 2013 - 50"]
[Site "?"]
[Date "2013.08.25"]
[Round "9.6"]
[White "Plachetka, Milan"]
[Black "Nemec, Otakar"]
[Result "0-1"]
[WhiteElo "1623"]
[BlackElo "1919"]
[PlyCount "30"]
[EventDate "2013.??.??"]
[SourceDate "2013.08.25"]

1. e4 c5 2. Nf3 Nc6 3. d4 cxd4 4. Nxd4 Nf6 5. Nxc6 bxc6 6. Nc3 e5 7. Bd3 Be7 8.
O-O O-O 9. f4 d6 10. Rb1 exf4 11. Bxf4 Ng4 12. Qe2 Be6 13. h3 Ne5 14. Bxe5 dxe5
15. Bc4 Qd4+ 0-1

[Event "MCR senioru 2013 - 50"]
[Site "?"]
[Date "2013.08.25"]
[Round "9.7"]
[White "Cvejn, Jaroslav"]
[Black "Zoufaly, Petr"]
[Result "1-0"]
[WhiteElo "1746"]
[BlackElo "1716"]
[PlyCount "71"]
[EventDate "2013.??.??"]
[SourceDate "2013.08.25"]

1. e4 e6 2. d4 d5 3. exd5 exd5 4. Nc3 Nf6 5. Bg5 Be7 6. Nf3 O-O 7. Be2 Bg4 8.
h3 Bh5 9. O-O c6 10. Re1 h6 11. Bh4 Bg6 12. Bd3 Bxd3 13. Qxd3 Re8 14. Re2 Rf8
15. Rae1 Bd6 16. Ne5 g5 17. Bg3 Nh5 18. Bh2 Nd7 19. Qf5 Ndf6 20. h4 Qc8 21.
Qxc8 Raxc8 22. hxg5 hxg5 23. Nd3 Bxh2+ 24. Kxh2 Rce8 25. Re7 Rb8 26. f3 Ng7 27.
R7e5 Ne6 28. Nc5 Nxd4 29. Rxg5+ Kh8 30. Rh1 Rg8 31. Kg1+ Nh7 32. Rgh5 Nxf3+ 33.
Kf2 Nfg5 34. Nd7 Rbd8 35. Nf6 Rg7 36. Rxg5 1-0

[Event "MCR senioru 2013 - 50"]
[Site "?"]
[Date "2013.08.25"]
[Round "9.8"]
[White "Mares, Ilja"]
[Black "Papacek, Milos"]
[Result "1-0"]
[WhiteElo "1817"]
[BlackElo "1815"]
[PlyCount "42"]
[EventDate "2013.??.??"]
[SourceDate "2013.08.25"]

1. e4 e5 2. Nf3 Nc6 3. Bc4 Nf6 4. d3 Bc5 5. O-O O-O 6. Nc3 d6 7. Bg5 h6 8. Be3
Bxe3 9. fxe3 Be6 10. Bb3 Ne7 11. Nh4 Bxb3 12. axb3 Qd7 13. Qf3 Qg4 14. Nf5 Nxf5
15. exf5 c6 16. Ne4 Qxf3 17. Nxf6+ gxf6 18. Rxf3 b5 19. b4 Kh7 20. Kf2 a6 21.
Ke2 Rg8 {Dále nesrozumitelné.} 1-0

[Event "MCR senioru 2013 - 50"]
[Site "?"]
[Date "2013.08.25"]
[Round "9.9"]
[White "Hovad, Vaclav"]
[Black "Zamarska, Dagmar"]
[Result "1/2-1/2"]
[WhiteElo "1698"]
[BlackElo "1486"]
[PlyCount "35"]
[EventDate "2013.??.??"]
[SourceDate "2013.08.25"]

1. d4 d5 2. c4 c6 3. Nf3 e6 4. Nc3 Nf6 5. Bg5 Nbd7 6. e3 Bd6 7. Bd3 O-O 8. O-O
h6 9. Bxf6 Nxf6 10. cxd5 cxd5 11. Rc1 Re8 12. Re1 e5 13. dxe5 Bxe5 14. Nxe5
Rxe5 15. Be2 b6 16. Qd4 Qd7 17. f3 Bb7 18. Bb5 1/2-1/2

[Event "MCR senioru 2013 - 50"]
[Site "?"]
[Date "2013.08.25"]
[Round "9.10"]
[White "Ruffer, Vaclav"]
[Black "Volfova, Milena"]
[Result "1-0"]
[WhiteElo "1657"]
[BlackElo "1683"]
[PlyCount "51"]
[EventDate "2013.??.??"]
[SourceDate "2013.08.25"]

1. d4 d5 2. Nf3 Nc6 3. Bf4 Nf6 4. e3 e6 5. Bd3 Bd6 6. Bg3 O-O 7. a3 Ne7 8. c4
Bxg3 9. hxg3 dxc4 10. Bxc4 b6 11. Bd3 Bb7 12. Nbd2 h6 13. Rc1 Nfd5 14. Qc2 f5
15. O-O Rc8 16. Qb3 Kh8 17. Rc2 Nc6 18. Rfc1 Qf6 19. Rxc6 Bxc6 20. Rxc6 Rfe8
21. Bc4 Qd8 22. Ne5 Kh7 23. Bxd5 exd5 24. Qc2 Rf8 25. g4 Qg5 26. Nef3 1-0

[Event "MCR senioru 2013 - 60"]
[Site "?"]
[Date "2013.08.25"]
[Round "9.1"]
[White "Mlynek, Petr"]
[Black "Novotny, Josef"]
[Result "1/2-1/2"]
[WhiteElo "2192"]
[BlackElo "2129"]
[PlyCount "45"]
[EventDate "2013.??.??"]
[SourceDate "2013.08.25"]

1. d4 e6 2. e4 d6 3. Nf3 Nf6 4. Bd3 Nc6 5. c3 g6 6. Bg5 h6 7. Bh4 g5 8. Bg3 Bg7
9. Nbd2 Qe7 10. e5 dxe5 11. Nxe5 Bd7 12. Nxd7 Qxd7 13. Ne4 Nxe4 14. Bxe4 O-O-O
15. Qa4 f5 16. Bxc6 Qxc6 17. Qxc6 bxc6 18. f3 Rd5 19. O-O-O c5 20. dxc5 Rxc5
21. Rhe1 Re8 22. Re2 a6 23. Red2 1/2-1/2

[Event "MCR senioru 2013 - 60"]
[Site "?"]
[Date "2013.08.25"]
[Round "9.2"]
[White "Vorobyov, Yrij"]
[Black "Furman, Boris"]
[Result "1/2-1/2"]
[WhiteElo "2235"]
[BlackElo "2164"]
[PlyCount "20"]
[EventDate "2013.??.??"]
[SourceDate "2013.08.25"]

1. e4 e5 2. Nf3 Nf6 3. Nxe5 d6 4. Nf3 Nxe4 5. Qe2 Qe7 6. d3 Nf6 7. Bg5 Qxe2+ 8.
Bxe2 Be7 9. Nc3 c6 10. d4 d5 1/2-1/2

[Event "MCR senioru 2013 - 60"]
[Site "?"]
[Date "2013.08.25"]
[Round "9.3"]
[White "Fiser, Jiri"]
[Black "Vlacil, Vladimir"]
[Result "1-0"]
[WhiteElo "1970"]
[BlackElo "2058"]
[PlyCount "83"]
[EventDate "2013.??.??"]
[SourceDate "2013.08.25"]

1. e4 c5 2. Nf3 e6 3. d4 cxd4 4. Nxd4 a6 5. Bd3 Nc6 6. Be3 Nf6 7. Nd2 Qc7 8.
O-O b6 9. Nxc6 Qxc6 10. c4 Bb7 11. Qe2 Bc5 12. Bxc5 bxc5 13. f4 Qc7 14. e5 Ng8
15. Ne4 Bxe4 16. Bxe4 Rb8 17. Rad1 Ne7 18. Rf2 Rb6 19. Qd3 g6 20. Rfd2 Nc6 21.
Bxc6 Qxc6 22. Qxd7+ Qxd7 23. Rxd7 O-O 24. b3 Rc6 25. Ra7 h6 26. Rdd7 g5 27. g3
Kg7 28. Kf2 gxf4 29. gxf4 Kg6 30. Ke3 h5 31. Rdc7 Rxc7 32. Rxc7 Rd8 33. Rxc5
Rd1 34. Ra5 Rh1 35. Rxa6 Rxh2 36. Ke4 Rf2 37. Ra8 Kg7 38. b4 Re2+ 39. Kd4 Rd2+
40. Kc5 Rd3 41. b5 h4 42. b6 1-0

[Event "MCR senioru 2013 - 60"]
[Site "?"]
[Date "2013.08.25"]
[Round "9.4"]
[White "Kotva, Milan"]
[Black "Gasik, Piotr"]
[Result "0-1"]
[WhiteElo "1970"]
[BlackElo "2136"]
[PlyCount "90"]
[EventDate "2013.??.??"]
[SourceDate "2013.08.25"]

1. d4 c5 2. d5 e5 3. e4 d6 4. Nc3 Be7 5. Nf3 a6 6. a4 Nf6 7. Be2 O-O 8. O-O
Nbd7 9. Nd2 Ne8 10. Nc4 Bg5 11. Ne3 g6 12. g3 Ng7 13. f4 exf4 14. gxf4 Bf6 15.
Qd3 Bd4 16. Ncd1 f5 17. c3 fxe4 18. Qxe4 Nf6 19. Qg2 Bxe3+ 20. Nxe3 Kh8 21. b4
b6 22. bxc5 bxc5 23. c4 Rb8 24. Bd3 Nfh5 25. Ra2 Nxf4 26. Rxf4 Rxf4 27. Re2 Qh4
28. Qg3 Qxg3+ 29. hxg3 Rf7 30. Ng2 Bg4 31. Re1 Re8 32. Rxe8+ Nxe8 33. Nf4 Kg8
34. Ne2 Rf3 35. Be4 Rb3 36. Kf2 Bxe2 37. Kxe2 Rxg3 38. Bf3 Rh3 39. Bg4 Rh2+ 40.
Kf3 Rc2 41. Bh6 Rc3+ 42. Ke2 Rxc4 43. Be6+ Kh8 44. Kd3 Rd4+ 45. Kc3 Nf6 0-1

[Event "MCR senioru 2013 - 60"]
[Site "?"]
[Date "2013.08.25"]
[Round "9.5"]
[White "Zboril, Jaroslav"]
[Black "Uhmann, Jan"]
[Result "0-1"]
[WhiteElo "1979"]
[BlackElo "2137"]
[PlyCount "66"]
[EventDate "2013.??.??"]
[SourceDate "2013.08.25"]

1. d4 d5 2. Nf3 Nf6 3. e3 e6 4. Bd3 Be7 5. O-O Nbd7 6. b3 O-O 7. Bb2 b6 8. Nbd2
Bb7 9. Ne5 Ne4 10. f4 f6 11. Nxd7 Qxd7 12. Nxe4 dxe4 13. Bc4 b5 14. Be2 Rad8
15. c4 bxc4 16. Bxc4 Bd5 17. Qc2 f5 18. Bxd5 exd5 19. Rac1 Bd6 20. Qc6 Qf7 21.
Qa4 g5 22. Ba3 gxf4 23. Bxd6 Rxd6 24. Rxf4 Qh5 25. Qb5 Kh8 26. Rxc7 Rg8 27. Qb7
Qh3 28. g3 Rh6 29. Rc8 Qxh2+ 30. Kf1 Qh1+ 31. Ke2 Rh2+ 32. Rf2 Qf3+ 33. Kd2
Qxf2+ 0-1

[Event "MCR senioru 2013 - 60"]
[Site "?"]
[Date "2013.08.25"]
[Round "9.7"]
[White "Papan, Cyril"]
[Black "Dolezal, Radoslav"]
[Result "0-1"]
[WhiteElo "2034"]
[BlackElo "1927"]
[PlyCount "132"]
[EventDate "2013.??.??"]
[SourceDate "2013.08.25"]

1. d4 d5 2. c4 c6 3. Nc3 g6 4. e4 dxe4 5. Nxe4 Bg7 6. Nf3 Nd7 7. Be2 Ngf6 8.
Ng3 b6 9. O-O Qc7 10. Re1 e6 11. Bg5 h6 12. Bd2 O-O 13. Qc1 Kh7 14. Bf4 Qd8 15.
Rd1 Bb7 16. b4 Qe7 17. Rb1 Rfd8 18. c5 Nd5 19. Bd6 Qe8 20. Bc4 Bf8 21. Ne4 N7f6
22. Bxd5 Nxd5 23. Ne5 f5 24. Bxf8 Qxf8 25. Nd6 Rxd6 26. cxd6 Qxd6 27. Qxh6+
Kxh6 28. Nf7+ Kg7 29. Nxd6 Ba6 30. Rdc1 Ne7 31. Nc4 Bxc4 32. Rxc4 Rd8 33. b5
cxb5 34. Rxb5 Kf6 35. g3 Nd5 36. Rb3 g5 37. a4 a5 38. Rb5 g4 39. Rc6 Rd7 40.
Kg2 Rd8 41. h4 gxh3+ 42. Kxh3 Rd7 43. Kg2 Rd8 44. Kf3 Rd7 45. Rc4 Rd6 46. Rb1
Rd8 47. Rh1 Ke7 48. Rhc1 Kf6 49. Rc8 Rd7 50. R1c6 Ke7 51. Rh8 Nf6 52. Ke3 Ng4+
53. Kd3 Ne5+ 54. Kc3 Nxc6 55. Rh7+ Kd6 56. Rxd7+ Kxd7 57. Kc4 Nb4 58. Kb5 Nd5
59. f3 Kc7 60. g4 fxg4 61. fxg4 Nc3+ 62. Ka6 Ne4 63. Kb5 Nd6+ 64. Ka6 Kc6 65.
g5 Nf5 66. g6 Ng7 0-1

[Event "MCR senioru 2013 - 60"]
[Site "?"]
[Date "2013.08.25"]
[Round "9.8"]
[White "Hlavac, Frantisek"]
[Black "Uhmann, Jan"]
[Result "1/2-1/2"]
[WhiteElo "2011"]
[BlackElo "2137"]
[PlyCount "47"]
[EventDate "2013.??.??"]
[SourceDate "2013.08.25"]

1. e4 c5 2. Nc3 Nc6 3. g3 e6 4. Bg2 Nf6 5. Nge2 Be7 6. O-O O-O 7. d3 d6 8. h3
Rb8 9. Be3 Bd7 10. Qd2 b5 11. f4 b4 12. Nd1 d5 13. e5 Ne8 14. Bf2 f6 15. exf6
Nxf6 16. g4 Bd6 17. Bg3 Qc7 18. Ne3 Ne7 19. Rf2 Rf7 20. Raf1 Rbf8 21. Kh2 h5
22. g5 h4 23. Bxh4 Nh5 24. Kg1 1/2-1/2

[Event "MCR senioru 2013 - 60"]
[Site "?"]
[Date "2013.08.25"]
[Round "9.9"]
[White "Rucka, Alois"]
[Black "Chmelik, Jiri"]
[Result "1/2-1/2"]
[WhiteElo "1943"]
[BlackElo "2002"]
[PlyCount "87"]
[EventDate "2013.??.??"]
[SourceDate "2013.08.25"]

1. d4 Nf6 2. Nf3 e6 3. g3 c5 4. e3 b6 5. Bg2 Bb7 6. O-O Be7 7. c4 Qc8 8. Nc3 d5
9. cxd5 Nxd5 10. Bd2 cxd4 11. Nxd5 Bxd5 12. Nxd4 Bxg2 13. Kxg2 Qb7+ 14. Qf3
Qxf3+ 15. Kxf3 Kd7 16. Rfd1 Rc8 17. Bc3 Ke8 18. Rac1 Na6 19. Nb5 f6 20. Nd6+
Bxd6 21. Rxd6 Ke7 22. Rcd1 Rd8 23. Rxd8 Rxd8 24. Rxd8 Kxd8 25. h4 Ke7 26. g4 e5
27. Ke4 Ke6 28. f4 Nc5+ 29. Kf3 e4+ 30. Ke2 g6 31. b4 Nd7 32. Kd2 f5 33. g5 Kd5
34. Kc2 Kc4 35. a3 Nb8 36. Be5 Nc6 37. Bd6 a5 38. bxa5 bxa5 39. Bf8 a4 40. Bd6
Na7 41. Bf8 Nc8 42. Bb4 Nb6 43. Bc3 Nd5 44. Bd2 1/2-1/2

[Event "MCR senioru 2013 - 60"]
[Site "?"]
[Date "2013.08.25"]
[Round "9.10"]
[White "Sibl, Vaclav"]
[Black "Pavlis, Jaromir"]
[Result "1-0"]
[WhiteElo "1948"]
[BlackElo "1996"]
[PlyCount "65"]
[EventDate "2013.??.??"]
[SourceDate "2013.08.25"]

1. d4 d5 2. Bf4 Nf6 3. e3 e6 4. Nf3 Bd6 5. Ne5 Nbd7 6. Nd2 h6 7. Bd3 Nb6 8. O-O
Bxe5 9. Bxe5 Nbd7 10. Bg3 O-O 11. f4 Re8 12. c3 Nf8 13. Bh4 c6 14. Nf3 N8h7 15.
Qc2 Qc7 16. Ne5 Nf8 17. g4 N6d7 18. Rf2 c5 19. Qe2 g6 20. Raf1 c4 21. Bb1 f5
22. gxf5 Nxe5 23. fxe5 exf5 24. Rg2 Kh7 25. Qf3 Be6 26. Kh1 Re7 27. Rfg1 Rf7
28. Bf6 Rxf6 29. exf6 Qf7 30. Qf4 Re8 31. Qh4 Bd7 32. Rg3 Re4 33. Qxh6+ 1-0

[Event "MCR senioru 2013 - 60"]
[Site "?"]
[Date "2013.08.25"]
[Round "9.12"]
[White "Just, Pavel"]
[Black "Klimes, Jiri"]
[Result "1/2-1/2"]
[WhiteElo "2002"]
[BlackElo "1898"]
[PlyCount "61"]
[EventDate "2013.??.??"]
[SourceDate "2013.08.25"]

1. e4 e5 2. Nf3 Nc6 3. Bb5 a6 4. Ba4 Nf6 5. O-O b5 6. Bb3 Be7 7. Re1 d6 8. h3
O-O 9. c3 Na5 10. Bc2 c5 11. d4 Qc7 12. Nbd2 Re8 13. d5 c4 14. Nf1 Bf8 15. Bg5
Nd7 16. N1h2 f6 17. Be3 Nb7 18. a4 Qb8 19. g4 Nbc5 20. axb5 Qxb5 21. Bc1 a5 22.
Qe2 Ba6 23. Nd2 a4 24. Qd1 Nb6 25. Nhf1 Nb3 26. Bxb3 axb3 27. Ne3 Bb7 28. Rxa8
Rxa8 29. Qe2 Ra4 30. g5 fxg5 31. Qg4 1/2-1/2

[Event "MCR senioru 2013 - 60"]
[Site "?"]
[Date "2013.08.25"]
[Round "9.13"]
[White "Majerik, Vladimir"]
[Black "Juricek, Stanislav"]
[Result "0-1"]
[WhiteElo "1887"]
[BlackElo "2101"]
[PlyCount "118"]
[EventDate "2013.??.??"]
[SourceDate "2013.08.25"]

1. d4 Nf6 2. Nf3 g6 3. Bg5 d6 4. Nbd2 Bg7 5. c3 Nbd7 6. e4 e5 7. dxe5 dxe5 8.
Be2 O-O 9. O-O Qe7 10. Qc2 h6 11. Bxf6 Nxf6 12. Rfe1 Rd8 13. Rad1 b6 14. Bf1
Bb7 15. Qa4 a6 16. Qc2 Rd7 17. Bc4 Rad8 18. Bb3 Qc5 19. h3 Nh5 20. Nf1 Nf4 21.
Rxd7 Rxd7 22. Ne3 Kf8 23. Rd1 Rd6 24. Rxd6 cxd6 25. Kh2 Qc8 26. Nd5 Bxd5 27.
Bxd5 Nxd5 28. exd5 Qc4 29. Qb3 Qxb3 30. axb3 f5 31. Nd2 b5 32. b4 Bf6 33. Kg3
e4 34. Nb3 Be5+ 35. f4 Bf6 36. Na5 Ke8 37. Kf2 Kd7 38. Ke3 Bh4 39. g4 Bd8 40.
gxf5 gxf5 41. Nb3 Bb6+ 42. Ke2 Ke7 43. Nd2 Kf6 44. Nf1 Kg6 45. Ng3 h5 46. b3 h4
47. Nf1 Kf6 48. Kd2 Ke7 49. Ne3 Bxe3+ 50. Kxe3 Kd7 51. c4 bxc4 52. bxc4 Kc7 53.
Kd4 Kb6 54. Ke3 a5 55. bxa5+ Kxa5 56. Kd4 Kb4 57. c5 dxc5+ 58. Ke5 e3 59. d6 e2
0-1